| 000 | 00749nam a22002417a 4500 | ||
|---|---|---|---|
| 008 | 131112b xxu||||| |||| 00| 0 eng d | ||
| 020 | _a81-7024-854-X | ||
| 024 | _cAvailable | ||
| 037 | _cAvailable | ||
| 040 |
_aMBSTU LIBRARY _dMBSTU LIBRARY |
||
| 082 |
_222 _a159 RAH |
||
| 100 | _aRao, N.P. | ||
| 245 | _aHuman resources development and production techniques. | ||
| 260 |
_aNew Delhi _bA P H Pub. Corporation. _c1997 |
||
| 300 |
_a25 cm. _b402 page _f1 _g25 cm. |
||
| 600 | _2Human resources management. | ||
| 650 | _2Human resources management. | ||
| 700 | _aRao, N.P. | ||
| 270 |
_aNew Delhi _b New Delhi _dIndia |
||
| 365 |
_b960.00 _d960.00 |
||
| 942 |
_2ddc _cBK |
||
| 999 |
_c827 _d827 |
||